Licitaȯ̂ de Tecnologia da Informaȯ̂

Bibliographic Details
Main Author: Bittencourt, Sidney
Format: Book
Language:Portuguese
Published: Brasil JH Mizuno 2015
Subjects:
Online Access:Acceso restringido

MARC

LEADER 00000nam a22000007a 4500
005 20160413145350.0
007 cr|||| ||u|
008 160413s2015 bl ||||| |||| 00||0 por d
020 |a 978-85-7789-233-4 
035 |a 14111 
040 |a vLex  
090 |c 5992  |d 5992 
100 1 |a Bittencourt, Sidney 
245 1 0 |a Licitaȯ̂ de Tecnologia da Informaȯ̂  |h [Recurso electrn̤ico] /  |c Sidney Bittencourt  
256 |a Servicio en ln̕ea  
260 |a Brasil   |b JH Mizuno  |c 2015 
300 |a 1 recurso electrn̤ico  
500 |a Contrataė̳s de Bens e Serviȯs de Informt̀ica e Automaȯ̂ > Softwares > Serviȯs > Equipamentos Comentr̀ios ao Decreto nð 7.174, de 12 de maio de 2010 (que regulamenta a contrataȯ̂ de bens e serviȯs de informt̀ica e automaȯ̂ pela Administraȯ̂ Pb︢lica Federal, direta ou indireta), e ̉Instruȯ̂ Normativa nð 4, de 11 de setembro de 2014 (que dispe̳ sobre o processo de contrataȯ̂ de Soluė̳s de Tecnologia da Informaȯ̂ pelos r̤gôs integrantes do Sistema de Administraȯ̂ de Recursos de Tecnologia da Informaȯ̂ e Informt̀ica [SISP] do Poder Executivo Federal). Na incessante busca da eficin̊cia administrativa, a Administraȯ̂ Pb︢lica, como nô poderia deixar de ser, vem paulatinamente informatizando as suas atividades, tornando-se cada vez mais dependente da Tecnologia da Informaȯ̂ (TI). Nesse contexto, maximizaram-se as contrataė̳s nessa r̀ea. Como ̌cediȯ, esse tipo de contrataȯ̂ requer conhecimentos especializados, exigindo atualizaȯ̂ constante dos agentes pb︢licos de modo que escolham a melhor opȯ̂. O governo federal, sensv̕el ̉questô, elaborou e editou o Decreto nð 7.174/2010, regulamentando a contrataȯ̂ de bens e serviȯs de informt̀ica e automaȯ̂, e, recentemente, a Instruȯ̂ Normativa SLTI nʻ 4, de 11 de setembro de 2014, dispondo detalhadamente sobre o processo de contrataȯ̂ de Soluė̳s de TI. Neste livro, o prof. Sidney Bittencourt, com a proficin̊cia e o detalhamento de sempre, considerando a melhor doutrina, a jurisprudn̊cia e as decise̳s do TCU, comenta todos os dispositivos dessas duas normas, oferecendo ao leitor um trabalho de alto significado, uma verdadeira ferramenta de auxl̕io para a elaboraȯ̂ de licitaė̳s e contratos que visem Soluė̳s de TI, tanto para a contrataȯ̂ de serviȯs como para a aquisiȯ̂ de equipamentos ou softwares. 
506 1 |a Contenido solo disponible en los productos indicados  |d vLex Global  |d vLex Global (Academic Edition, excluding Law Schools)  |d vLex Global (U.S. Academic Edition, Law Schools)  |d vLex Global (U.S. Academic Edition, excluding Law Schools)  |d vLex Global (Academic Edition, Law Schools) 
650 0 4 |a Tecnologa̕ de la informacin̤  |z Brasil  
740 0 |a vLex libros (servicio en ln̕ea)  
856 4 0 |u http://vlex.com/source/licita-o-de-tecnologia-da-informa-o-14111  |z Acceso restringido  
942 |c BOOK 
999 0 |a Information technology  |b Brasil